Globální koncepce pro 90. léta.
Informácia o výzve "Stockholmská iniciatíva za globálnu bezpečnosť a vládnutie", ktorú podpísalo 36 prominentných osobností svetovej politiky. Slabosť súčasného systému, otázky mieru a bezpečnosti, rozvoj a jeho riziká, životné prostredie, populácia, demokracia a ľudské práva.
Na minha lista:
| Autor principal: | |
|---|---|
| Formato: | Capítulo de Livro |
| Idioma: | tcheco |
| Assuntos: | |
| Tags: |
Sem tags, seja o primeiro a adicionar uma tag!
|
MARC
| LEADER | 00000naa a2200000 4500 | ||
|---|---|---|---|
| 001 | r007458 | ||
| 005 | 20220831085202.2 | ||
| 041 | 0 | |a cze | |
| 044 | |a [CS] | ||
| 245 | 1 | 0 | |a Globální koncepce pro 90. léta. |c Z. Pagáč |
| 520 | |a Informácia o výzve "Stockholmská iniciatíva za globálnu bezpečnosť a vládnutie", ktorú podpísalo 36 prominentných osobností svetovej politiky. Slabosť súčasného systému, otázky mieru a bezpečnosti, rozvoj a jeho riziká, životné prostredie, populácia, demokracia a ľudské práva. | ||
| 610 | 2 | 0 | |a programy komplexné dlhodobé |
| 610 | 2 | 0 | |a bezpečnosť európska |
| 610 | 2 | 0 | |a politika svetová |
| 610 | 2 | 0 | |a rozvoj hospodársky |
| 610 | 2 | 0 | |a prostredie životné |
| 610 | 2 | 0 | |a populácia |
| 610 | 2 | 0 | |a práva ľudské |
| 610 | 2 | 0 | |a Stockholm |
| 610 | 2 | 0 | |a 1990-1999 |
| 100 | 1 | |a Pagáč, Z. | |